Math Trivia - Statistics

General Stats
  • This quiz has been taken 50 times
  • The average score is 5 of 10
Answer Stats
Hint Answer % Correct
The roman numeral IV denotes the number ____. four
100%
The theorem a^2 + b^2 = c^2 for right triangles is named after __________. Pythagoras
93%
Numbers of the form n^3 for integers n are called perfect ____. cubes
72%
The exclamation point is used to denote the _________ function on the natural numbers. factorial
70%
Another word for the shape diamond is _______. rhombus
59%
Parabolas, hyperbolas, ellipses, and circles are examples of _____ ________. conic sections
22%
The _______________ of a statement (A implies B) is (not B implies not A). contrapositive
15%
Numbers of the form 1 + 2 + ... + n for some natural number n are called __________. triangular
11%
What shape are pringles? hyperbolic paraboloid
4%
A space that has a countable dense subset is called _________. separable
4%
No matching quizzes found
Score Distribution
Percent of People with Each Score
Percentile by Number Answered
Your Score History
You have not taken this quiz